Normal view
MARC view
- NS AMNAH SIDDIQUA NS SAJID MEHMOOD
Entry Personal Name
001 - CONTROL NUMBER
- control field: 97119
003 - CONTROL NUMBER IDENTIFIER
- control field: NUST
005 - DATE AND TIME OF LATEST TRANSACTION
- control field: 20220815103147.0
008 - FIXED-LENGTH DATA ELEMENTS
- fixed length control field: 220815|| aca||aabn | a|a d
040 ## - CATALOGING SOURCE
- Original cataloging agency: NUST
- Transcribing agency: NUST
100 ## - HEADING--PERSONAL NAME
- Personal name: NS AMNAH SIDDIQUA NS SAJID MEHMOOD
670 ## - SOURCE DATA FOUND
- Source citation: Work cat.: (NUST): NS AMNAH SIDDIQUA NS SAJID MEHMOOD, PR-SOF-2106-A Generic Data Analytics Framework for Descriptive, Predictive and Prescriptive AI, 2022.
